| 000 | 00410nam a2200133 a 4500 | ||
|---|---|---|---|
| 001 | 000031352 | ||
| 005 | 20200930062854.0 | ||
| 008 | 110620s1951 dr 000 0 spa d | ||
| 040 |
_aDO-SdBNP _bspa _cBNPHU |
||
| 245 | 0 | 3 | _aEl pensamiento jurídico de un estadista. |
| 260 |
_aCiudad Trujillo, República Dominicana : _bPartido Dominicano, _c1951. _fEditora Montalvo |
||
| 300 |
_a23 p. ; _c24 cm. |
||
| 049 | _aBNPD | ||
| 999 |
_c30844 _d30844 |
||